مصطلحات الكمبيوتر و الميكروكمبيوتر / (رقم التسجيلة. 38314)
[ عرض عادي ]
| 000 -الفاتح | |
|---|---|
| عناصر البيانات ثابتة الطول | 00588nam a22001817a 4500 |
| 005 - تاريخ ووقت آخر معاملة | |
| حقل ضبط | 20251108170039.0 |
| 008 - عناصر البيانات ثابتة الطول | |
| عناصر البيانات ثابتة الطول | 250721b ua gr 000 0 ara d |
| 082 14 - رقم تصنيف ديوي العشري | |
| رقم التصنيف | 004.03 |
| رقم المادة | ع د س |
| 100 1# - مدخل رئيسي – اسم شخصي | |
| الاسم الشخصي | عدس، رأفت |
| علاقة الشخص بالعمل/ دوره | مؤلف. |
| 245 10 - بيان العنوان | |
| العنوان | مصطلحات الكمبيوتر و الميكروكمبيوتر / |
| بيان المسؤولية | رأفت عدس |
| 246 13 - الأشكال المختلفة للعنوان | |
| العنوان الفعلي/العنوان المختصر | computer + microcoputerterms |
| 264 1# - بيانات النشر، التوزيع…إلخ | |
| مكان النشر، التوزيع...إلخ | القاهرة : |
| تاريخ النشر، التوزيع...إلخ | 2000. |
| اسم الناشر، الموزع...إلخ | مكتبة مدبولي، |
| 300 ## - الوصف المادي | |
| عدد الوحدات المكونة للوعاء | 313 صفحة. |
| 650 17 - مدخل إضافي بالموضوع - مصطلح موضوعي | |
| مصطلح موضوعي أو اسم جغرافي كعنصر مدخل | الحواسيب |
| 650 17 - مدخل إضافي بالموضوع - مصطلح موضوعي | |
| مصطلح موضوعي أو اسم جغرافي كعنصر مدخل | معاجم المصطلحات |
| 942 ## - بيانات إضافية (كوها) | |
| نوع التنصيف | Dewey Decimal Classification |
| نوع المادة (كوها) | مراجع |
| حالة السحب | حالة الفقدان | مصدر التصنيف | حالة التلف | غير قابل للإعارة | المكتبة الرئيسية | المكتبة الحالية | موقع الرف | تاريخ التزويد | الرقم المتسلسل | Total Checkouts | رقم الإستدعاء | الباركود | تاريخ آخر ظهور | تاريخ الفاتورة | نوع المادة (كوها) |
|---|---|---|---|---|---|---|---|---|---|---|---|---|---|---|---|
| Dewey Decimal Classification | Not For Loan | المكتبة المركزية | المكتبة المركزية | مراجع | 06/07/2004 | 396846 | م/004.03/عدس | 396846 | 28/07/2025 | 06/07/2004 | مراجع | ||||
| Dewey Decimal Classification | Unchecked | مكتبة الأميرة ايمان العامة | مكتبة الأميرة ايمان العامة | الإعارة | 28/07/2025 | 396848 | م/004.03/عدس | 28/07/2025 | 28/07/2025 | مراجع | |||||
| Dewey Decimal Classification | Not For Loan | مكتبة صويلح العامة | مكتبة صويلح العامة | مراجع | 06/07/2004 | 396847 | م/004.03/عدس | 396847 | 28/07/2025 | 06/07/2004 | مراجع |